Microsoft Power BI for Dummies (Record no. 12636)

MARC details
000 -LEADER
fixed length control field 00361nam a22001577a 4500
003 - CONTROL NUMBER IDENTIFIER
control field OSt
008 - FIXED-LENGTH DATA ELEMENTS--GENERAL INFORMATION
fixed length control field 240507b |||||||| |||| 00| 0 eng d
020 ## - INTERNATIONAL STANDARD BOOK NUMBER
International Standard Book Number 9789354645778
082 ## - DEWEY DECIMAL CLASSIFICATION NUMBER
Classification number 005.368 HYM
100 ## - MAIN ENTRY--PERSONAL NAME
Personal name HYMAN,Jack
245 ## - TITLE STATEMENT
Title Microsoft Power BI for Dummies
250 ## - EDITION STATEMENT
Edition statement Rep
260 ## - PUBLICATION, DISTRIBUTION, ETC. (IMPRINT)
Place of publication, distribution, etc New Delhi
Name of publisher, distributor, etc Wiley
Date of publication, distribution, etc 2024
300 ## - PHYSICAL DESCRIPTION
Extent 402
942 ## - ADDED ENTRY ELEMENTS (KOHA)
Source of classification or shelving scheme Dewey Decimal Classification
Koha item type Text Books
Holdings
Withdrawn status Lost status Source of classification or shelving scheme Damaged status Not for loan Collection code Home library Current library Date acquired Source of acquisition Currency Cost, normal purchase price Bill Number Total Checkouts Full call number Acc. no. / Barcode Date last seen Actual Cost, discounted price Bill Date Koha item type Date last borrowed
    Dewey Decimal Classification     BBA(Business Analytics) PIET C-LIBRARY PIET C-LIBRARY 06/04/2024 Zafaa Books and Distributors In rupees 899.00 ZBD0012   005.3684 HYM 37089 07/05/2024 651.77 06/04/2024 Reference Books  
    Dewey Decimal Classification     BBA(Business Analytics) PIET C-LIBRARY PIET C-LIBRARY 06/04/2024 Zafaa Books and Distributors In rupees 899.00 ZBD0012 2 005.368 HYM 37090 28/02/2025 651.77 06/04/2024 Text Books 24/12/2024

Design & Developed by: PIET Central Library
R70 Miles Stone Pattikalyana Samalkha Panipat 132102
mail ID :- [email protected], Phone No:- 0180-2569700 Ex.216